| 000 | 01005cam a22002891 4500 | ||
|---|---|---|---|
| 001 | 24546 | ||
| 003 | BD-RjUL | ||
| 005 | 20211209001051.0 | ||
| 008 | 140313s1962 enk 001 0 eng | ||
| 035 | _a(BD-RjUL)24613 | ||
| 035 | _a(OCoLC)1071737 | ||
| 040 |
_aDLC _cOCanW _dOCoLC _dUk _dDLC _dBD-RjUL _beng |
||
| 041 | _aeng | ||
| 082 |
_a942.08 _bGLP |
||
| 100 | 1 |
_aGladstone, W. E. _q(William Ewart), _d1809-1898 _975539 |
|
| 245 | 0 | 4 |
_aThe political correspondence of Mr. Gladstone and Lord Granville, 1876-1886 / _cEdited by Agatha Ramm. _nVolume I _p1876-1882 |
| 260 |
_aOxford : _bClarendon Press, _c1962. |
||
| 300 |
_axlvii,482 p. ; _c22 cm. |
||
| 504 | _aIncludes index. | ||
| 505 | 0 | _av. 1. 1876-1882.--v. 2. 1883-1886. | |
| 651 | 0 |
_aGreat Britain _xForeign relations _y1837-1901 _xSources. _975495 |
|
| 700 | 1 |
_aGranville, Granville George Leveson-Gower, _cEarl, _d1815-1891. _975496 |
|
| 700 | 1 |
_aRamm, Agatha, _eed. _975497 |
|
| 942 |
_2ddc _cBK |
||
| 999 |
_c24546 _d24546 |
||